Πεντακόσια χρόνια έντυπης παράδοσης του νέου ελληνισμού : 1499-1999 : οδηγός της έκθεσης

Αποθηκεύτηκε σε:
Λεπτομέρειες βιβλιογραφικής εγγραφής
Άλλοι συγγραφείς: Σκλαβενίτης, Τριαντάφυλλος Ε., 1948- (Επιμελητής έκδοσης), Στάικος, Κωνσταντίνος Σπ (Επιμελητής έκδοσης)
Μορφή: Βιβλίο
Γλώσσα:Greek
Δημοσίευση: Αθήνα : Βουλή των Ελλήνων, 2000.
Θέματα:
Ετικέτες: Προσθήκη ετικέτας
Δεν υπάρχουν, Καταχωρήστε ετικέτα πρώτοι!

MARC

LEADER 00000cam a2200000 i 4500
001 1/34701
008 030319s2000 gr | ||| |||| ||gre||
020 |a 9605600307 
035 |l 10069744 
040 |a GR-MY-UA  |b gre  |e aacr 
041 0 |a gre 
082 0 |a 028.9   |2 (22) 
245 0 0 |a Πεντακόσια χρόνια έντυπης παράδοσης του νέου ελληνισμού :   |b 1499-1999 : οδηγός της έκθεσης /   |c Βουλή των Ελλήνων ; επιμέλεια Κ. Σπ. Στάικος, Τ.Ε. Σκλαβενίτης. 
260 |a Αθήνα :   |b Βουλή των Ελλήνων,   |c 2000. 
300 |a 112 σ. 
650 0 0 |a Books and reading  |z Greece  |x History. 
650 0 0 |a Books  |z Greece  |x History. 
700 1 |a Σκλαβενίτης, Τριαντάφυλλος Ε.,   |d 1948-  |e edt 
700 1 |a Στάικος, Κωνσταντίνος Σπ.  |e edt 
852 |a INST  |b RHODES  |e 20030319  |h 028.9 ΠΕΝ  |p 005400020571  |q 005400020571  |t BK  |y 0 
901 |a BIBL4-2003-1 
909 |a Ρ  |b 101700 
970 |a ΚΟΥΛΑΚΙΟΤΗ  |b ΛΙΤΣΑ  |z 2003/03/19